| 000 | 00774nam a2200253 a 4500 | ||
|---|---|---|---|
| 999 |
_c200438402 _d56614 |
||
| 003 | TR-IsYBT | ||
| 005 | 20220725102433.0 | ||
| 007 | t | ||
| 008 | 050413s2004$$$$tu#$r04101###$$$$#041041tur u | ||
| 040 |
_aTR-AnTOB _beng _erda _cTR-AnTOB |
||
| 041 | 0 | _atur | |
| 050 | 4 |
_aHD59.35 _b.S66 2004 |
|
| 090 | 0 | 0 |
_aHD59.35 _b.S66 2004 |
| 111 | 2 |
_aSponsorluk Semineri _d(2004 : _cİstanbul) _9137796 |
|
| 245 | 1 | 0 |
_aSponsorluk semineri : _bSeminer, açış-tebliğ-panel. |
| 264 | 1 |
_aİstanbul : _bİktisadi Araştırmalar Vakfı, _c2004. |
|
| 300 |
_a112 pages ; _c24 cm |
||
| 336 |
_ametin _btxt _2rdacontent |
||
| 337 |
_aaracısız _bn _2rdamedia |
||
| 338 |
_acilt _bnc _2rdacarrier |
||
| 653 | _aŞirket sponsorluğu--Kongreler | ||
| 942 |
_2lcc _cBK |
||